000
00324nam a2200145 4500
008
190522s1999||||xo d
100
1
_a
Cayce Edgar
_9
1128
245
1
0
_a
Miluj, služ a medituj
260
_b
Arica
_a
Turnov
_c
1999
250
_a
1.vydanie
020
_c
0
041
1
_a
slo
044
_a
xo
_c
SK
958
_a
AUL
999
_c
22429
_d
22429